Соціально-економічний розвиток міст Південно-Східної Волині в останній третині XVI – першій половині XVII ст (Запис № 459622)

МАРК-запис
000 -Лідер
fixed length control field 02738nam a22002657a 4500
001 - Контрольний номер
control field 216218696
003 - Ідентифікатор контрольного номера
control field UA-OsUOA
005 - Дата та час останнього входження (трансакції)
control field 20201201104239.0
008 - Елементи даних фіксованої довжини – загальна інформація
fixed length control field 200619b un ||||| m||| 00| 0 ukr d
040 ## - Джерело каталогізації
Агенція оригінальної каталогізації UA-OsUOA
Мова каталогізації ukr
Агенція, яка здійснювала перезапис UA-OsUOA
Агенція, яка здійснювала модифікацію UA-OsUOA
041 ## - Код мови
Код мови тексту/ звукової доріжки чи окремого заголовка (П) ukr
080 ## - Індекс Універсальної десяткової класифікації
Індекс Універсальної десяткової класифікації (УДК) (НП) 94(477.8).032"15/16"
090 ## - Локальний шифр розміщення
Класифікаційний індекс УДК 94(477.8).032"15/16"
095 ## - Код спеціальності для авторефератів
Код спеціальності 07.00.01
Назва спеціальності історія України
100 ## - Основне введення – ім’я особи
Ім’я особи (НП) Рибачок І. О.
245 ## - Відомості про назву
Назва (НП) Соціально-економічний розвиток міст Південно-Східної Волині в останній третині XVI – першій половині XVII ст
Дані про відповідальність (НП) Рибачок Ірина Олександрівна ; наук. керівник Атаманенко Віктор Борисович
260 ## - Публікація, розповсюдження і т.п. (Вихідні дані)
Місце публікації, розповсюдження і т.п. (П) Острог
Дата публікації, розповсюдження і т.п. (П) 2012
300 ## - Фізичний опис
Обсяг 20 с.
502 ## - Примітка про дисертацію
Зв'язок Автореферат дисертації на здобуття наукового ступеня кандидата історичних наук<br/>
Наймення інституції, що представляється Національний університет "Острозька академія"
Рік отримання вченого ступеня 2012
520 ## - Резюме і т.п.
Резюме, реферат, анотація, тощо (НП) Робота є комплексним дослідженням соціально-економічного розвитку міст Південно-Східної Волині в ост. трет. XVI – пер. пол. XVII ст. Встановлено чисельність населення, соціальну структуру та етнічний склад городян, охарактеризовано основні напрямки міського господарства. Зокрема, проаналізовано спрямованість та організацію ремісничого виробництва, промислів, торгівлі, аграрного виробництва в містах. З’ясовано форми та розміри сплати міщанами державних податків та платежів на користь власника. Розкрито механізми отримання податкових пільг та простежено фіскальну політику власників кн. Острозьких і Заславських. Охарактеризовано систему захисту міст, стан південно-східноволинських замків, кількість та різноманіття збройних запасів у замкових арсеналах.
650 ## - Додаткове предметне введення – тематичний термін
Джерело заголовка чи терміна UDC
Тематичний термін чи географічна назва, як елемент введення (НП) 94 Історія
942 ## - Додаткові елементи входу (Коха)
Source of classification or shelving scheme Universal Decimal Classification
Тип елемента Koha Автореферат
955 ## - Код типу видання за змістом
Код типу видання за змістом (НП) Наукові видання

Немає доступних примірників.